| 000 | 00585nam a2200181Ia 4500 | ||
|---|---|---|---|
| 003 | OSt | ||
| 005 | 20240327125926.0 | ||
| 008 | 210210b1932 xxu||||| |||| 00| 0 eng d | ||
| 040 | _cAL | ||
| 041 | _aKannada | ||
| 082 | _a852/218 | ||
| 100 |
_aGURU BASAVAPPA FAKIRAPPA ಗುರು ಬಸವಪ್ಪಾ ಫಕೀರಪ್ಪಾ _9151491 |
||
| 245 |
_aShri Chennabasaveshvarana Vachanagalu _bಶ್ರೀ ಚೆನ್ನಬಸವೇಶ್ವರನ ವಚನಗಳು |
||
| 260 |
_aMangaluru _b- _c1932 |
||
| 690 |
_aKannada Prose _9151492 |
||
| 906 | _a018786 | ||
| 942 |
_2ddc _cBK |
||
| 999 |
_c142340 _d142340 |
||